Bienvenue à la Médiathèque de Saint-Andiol
banniere
Accueil Recherche avancée Mon compte
handi1 Rechercher dans le catalogue

Filtre   Mots-clés
  Recherche avancée
 
Lister les dernières nouveautés
 
Lister les livres GROS CARACTERES
 
Lister les périodiques (magazines)

handi1 Trolls de Troy

Histoires trolles

Book Cover
Auteur principal : Christophe Arleston
Autres auteurs : Jean-Louis Mourier
Autres auteurs : Claude Guth
Titre : Trolls de Troy
Support : Livres
Langue : Francais
Publié : 2007, 2021 Soleil Toulon
Series : Troll de Troy
Genre : Bande dessinée (adultes)
Sujets :
Étiquettes :
Pas de tags
LEADER 01089nam0a2200241 450
001 16864302
010 |a 978-2-30200-051-3  |b rel., vol. 1 
100 |a 20250116d2026 u u0frey01 ba 
101 0 |a fre 
102 |a FR 
200 0 |a Trolls de Troy  |e Histoires trolles  |f Scénario Christophe Arleston  |g dessins Jean-Louis Mourier - couleurs Claude Guth 
207 1 |a   
210 |a Toulon  |c Soleil  |d 2007, 2021 
215 |a 1 vol. (47 p.)  |c tout ill. en coul., couv. ill. en coul.  |d 32 cm 
330 |a Vous connaissez déjà Hébus, le célèbre troll de la série Lanfeust de Troy... Faites la connaissance de son grand-père, le troll Teträm, dont les aventures se déroulent plusieurs générations avant celles de Lanfeust. 
461 0 |t Troll de Troy  |v 1 
608 |a Bandes dessinées 
700 0 |a Arleston  |b Christophe  |f 1963-....  |4 70 
701 0 |a Mourier  |b Jean-Louis  |f 1962-....  |4 440 
702 0 |a Guth  |b Claude  |f 1962-....  |4 410 
900 |a Bande dessinée (adultes) 
901 |a Adultes 
995 |a Médiathèque  |c Médiathèque  |f 089020860  |h 089020860  |k BDA ARL  |o p  |q a  |r az  |e Médiathèque